| 000 | 00695nam a2200217 a 4500 | ||
|---|---|---|---|
| 001 | BRCA_7112 | ||
| 005 | 20190320205722.0 | ||
| 008 | 281211s1889----gw-#######---#000-0#ger-# | ||
| 041 | _ager | ||
| 044 |
_agw _p.L56 1889 |
||
| 100 | 1 |
_aLindau, Paul _917684 |
|
| 245 | 1 | 0 |
_aHelene Jung _bErzählung _cvon Paul Lindau. |
| 260 |
_aStuttgart, Alemania _bJ. Engelhorn _c1889 |
||
| 300 |
_a142 p. _c19 cm. |
||
| 440 | 0 |
_aEngelhorns Allgemeine Romanbibliothek. Eine Auswahl der besten modernen Romane aller Völker. Zweiter Jahrgang _v3 _917685 |
|
| 500 | _aEstado físico: cubiertas desprendidas, lomo deteriorado | ||
| 500 | _aO129 | ||
| 650 | 1 | 4 |
_aFicción _916263 |
| 902 | _aGFM | ||
| 942 |
_2lcc _cB |
||
| 999 |
_c6793 _d6793 |
||